000
00239nmm a2200085Ia 4500
008
220120s9999||||xx |||||||||||||||||und||
100
_a
Digit
245
0
_a
Playware, elementary operating systems, Ubuntu 15.04, web an
260
_a
Nine dot Nine
999
_c
139970
_d
139970